[Event "TUR Cup"]
[Site "Denizli"]
[Date "2023.07.17"]
[Round "3"]
[White "Yerden, Huseyin Eren"]
[Black "Hamurcu, Mehmet"]
[Result "1-0"]
[WhiteElo "2009"]
[BlackElo "1720"]
[PlyCount "71"]
[EventDate "2023.07.16"]
[EventType "team-tourn"]
[EventRounds "9"]
[EventCountry "TUR"]
[SourceTitle "CBM 215 Extra"]
[Source "ChessBase"]
[SourceDate "2023.09.30"]
[SourceVersion "1"]
[SourceVersionDate "2023.09.30"]
[SourceQuality "1"]

1. d4 Nf6 2. c4 e6 3. g3 d5 4. Nf3 dxc4 5. Bg2 Bb4+ 6. Bd2 a5 7. 0-0 0-0 8. Qc2 b5 9. a4 c6 10. axb5 Bxd2 11. Nfxd2 Nd5 12. bxc6 Nxc6 13. Qxc4 Ncb4 14. Nc3 Ba6 15. Qc5 Qd7 16. Nxd5 Nxd5 17. Qxa5 Bb7 18. Qc5 Rac8 19. Qa3 Qb5 20. e4 Nb4 21. Qa5 Ba6 22. Rfd1 Rc2 23. Bf1 Qxa5 24. Rxa5 Bxf1 25. Nxf1 Rxb2 26. d5 f5 27. dxe6 fxe4 28. Rd2 Rxd2 29. Nxd2 Re8 30. Nxe4 Nc6 31. Ra6 Ne7 32. Nd6 Rd8 33. Kg2 g6 34. Ne4 Nd5 35. Ra5 Kf8 36. Ra7 1-0

[Event "TUR-chT 1st League"]
[Site "Konya"]
[Date "2022.08.27"]
[Round "8.9"]
[White "Gezici, Omer Ata"]
[Black "Yerden, Huseyin Eren"]
[Result "0-1"]
[WhiteElo "1812"]
[BlackElo "2054"]
[PlyCount "84"]
[EventDate "2022.08.22"]
[EventType "team-swiss"]
[EventRounds "9"]
[EventCountry "TUR"]
[SourceTitle "CBM 209 Extra"]
[Source "ChessBase"]
[SourceDate "2022.09.30"]
[SourceVersion "1"]
[SourceVersionDate "2022.09.30"]
[SourceQuality "1"]
[WhiteTeam "Bogazici Universitesi"]
[BlackTeam "Dogru Hamle Genclik"]
[WhiteTeamCountry "TUR"]
[BlackTeamCountry "TUR"]

1. e4 c5 2. Nf3 d6 3. Bb5+ Nd7 4. d4 cxd4 5. Qxd4 a6 6. Bxd7+ Bxd7 7. c4 e5 8. Qd3 h6 9. Nc3 Nf6 10. 0-0 Be7 11. Rd1 0-0 12. b3 Bc6 13. Qe2 Qb8 14. Nh4 Rd8 15. Nf5 Bf8 16. g4 Qc8 17. Qf3 b5 18. g5 Nh7 19. gxh6 g6 20. Ng3 bxc4 21. bxc4 f5 22. h4 f4 23. Nge2 Bxh6 24. Ba3 Bf8 25. Rac1 Ra7 26. Nd5 Qe6 27. Bb2 g5 28. Kh2 Rg7 29. Rg1 Qh6 30. Nexf4 Qxh4+ 31. Qh3 Qxh3+ 32. Nxh3 Bxd5 33. cxd5 Rb8 34. Rc2 g4 35. Nf4 Rxb2 36. Rxb2 exf4 37. Rc1 Ng5 38. Rc6 Kh7 39. Kg2 Nf3 40. Kf1 Kg8 41. Rc3 Rh7 42. Rb8 Rh2 0-1

[Event "TUR-ch U13-U18"]
[Site "Antalya"]
[Date "2020.01.22"]
[Round "6"]
[White "Ozdemir, Serhan Berat"]
[Black "Yerden, Huseyin Eren"]
[Result "1-0"]
[WhiteElo "2139"]
[BlackElo "2117"]
[PlyCount "151"]
[EventDate "2020.01.19"]
[EventType "swiss"]
[EventRounds "11"]
[EventCountry "TUR"]
[SourceTitle "CBM 195 Extra"]
[Source "ChessBase"]
[SourceDate "2020.05.31"]
[SourceVersion "1"]
[SourceVersionDate "2020.05.31"]
[SourceQuality "1"]

1. e4 c5 2. Nf3 d6 3. d4 cxd4 4. Nxd4 Nf6 5. Nc3 Nc6 6. f3 e5 7. Nb3 Be6 8. Be3 Be7 9. Qd2 0-0 10. 0-0-0 a5 11. Bb5 Na7 12. Bxa7 Rxa7 13. a4 Ne8 14. Kb1 Nc7 15. Qf2 Qb8 16. Qb6 Na8 17. Qe3 Nc7 18. Qe2 Rc8 19. Bc4 Na6 20. Bxe6 fxe6 21. Qb5 b6 22. Rd2 Bg5 23. Re2 Nb4 24. Rd1 Rf7 25. Na2 Nc6 26. Nc3 Nb4 27. Na2 Nc6 28. Nc3 Bf4 29. h3 Bg5 30. Qd3 Rd7 31. Qb5 Qb7 32. g3 Bf6 33. Red2 Na7 34. Qe2 Qc7 35. h4 Kh8 36. Na1 Be7 37. Nb5 Nxb5 38. Qxb5 Qb7 39. Nb3 Rcd8 40. c4 Rc8 41. c5 bxc5 42. Nxa5 Qc7 43. Nc4 Rb8 44. Qa6 Qb7 45. Qxb7 Rdxb7 46. a5 h6 47. a6 Ra7 48. Nxd6 Rxa6 49. Nf7+ Kg8 50. Nxe5 Rb4 51. h5 Bf6 52. Nd3 Rb5 53. Nf4 Rab6 54. e5 Bg5 55. Rc1 Bxf4 56. gxf4 Rb4 57. Rxc5 Rxf4 58. Rd8+ Rf8 59. Rxf8+ Kxf8 60. Kc2 Rb7 61. Rc8+ Kf7 62. Kc3 g6 63. hxg6+ Kxg6 64. Rf8 Kg5 65. Rf6 Rb6 66. f4+ Kg4 67. f5 Rb5 68. Rxe6 h5 69. f6 Rb8 70. f7 Rf8 71. Re7 h4 72. e6 Rc8+ 73. Kd4 h3 74. Re8 h2 75. Rg8+ Kf4 76. f8Q+ 1-0

[Event "TUR-ch U13-U18"]
[Site "Antalya"]
[Date "2020.01.21"]
[Round "5"]
[White "Yerden, Huseyin Eren"]
[Black "Tarlabasi, Emirhan"]
[Result "0-1"]
[WhiteElo "2117"]
[BlackElo "2274"]
[PlyCount "128"]
[EventDate "2020.01.19"]
[EventType "swiss"]
[EventRounds "11"]
[EventCountry "TUR"]
[SourceTitle "CBM 195 Extra"]
[Source "ChessBase"]
[SourceDate "2020.05.31"]
[SourceVersion "1"]
[SourceVersionDate "2020.05.31"]
[SourceQuality "1"]

1. d4 e6 2. c4 Nf6 3. Nf3 d5 4. Nc3 Be7 5. Bf4 0-0 6. e3 Nbd7 7. Bd3 c6 8. 0-0 dxc4 9. Bxc4 b5 10. Bd3 Bb7 11. Ne5 a6 12. Qf3 Nxe5 13. Bxe5 Nd7 14. Bf4 f5 15. Rad1 Qb6 16. e4 c5 17. dxc5 Nxc5 18. Qe3 Qc6 19. Bb1 Rad8 20. Rxd8 Bxd8 21. Rd1 Be7 22. Rc1 b4 23. Ne2 fxe4 24. a3 Qd5 25. axb4 Nd3 26. Nc3 Qf5 27. Bxd3 exd3 28. Bg3 Bg5 29. f4 Bxf4 30. Bxf4 Qxf4 31. Qxf4 Rxf4 32. Nd1 Rxb4 33. Rc3 Be4 34. Kf2 h6 35. g3 Bf5 36. b3 Rb5 37. Ne3 Bg6 38. Nc4 Rd5 39. Ke3 Kh7 40. Rc1 Rb5 41. Rc3 a5 42. Kd2 Rd5 43. Ne3 Rb5 44. Nc4 e5 45. Ke3 Rc5 46. Rc1 e4 47. Ra1 Rf5 48. Nd2 Rb5 49. Ra4 Re5 50. Nc4 Rf5 51. Nd2 Rb5 52. Ra3 Rc5 53. Nc4 Rh5 54. h4 Rb5 55. Nd2 Bf5 56. Nc4 Kg6 57. Kf4 Kf6 58. Ke3 Kg6 59. Kf4 Kh5 60. Nd6 d2 61. Ra1 g5+ 62. hxg5 hxg5+ 63. Ke3 Rxb3+ 64. Kxd2 Rd3+ 0-1

[Event "TUR-chT 1st League"]
[Site "Konya"]
[Date "2019.07.26"]
[Round "7.10"]
[White "Stefanov, Emil"]
[Black "Yerden, Huseyin Eren"]
[Result "1-0"]
[WhiteElo "2380"]
[BlackElo "1992"]
[PlyCount "109"]
[EventDate "2019.07.22"]
[EventType "team-swiss"]
[EventRounds "9"]
[EventCountry "TUR"]
[SourceTitle "CBM 191 Extra"]
[Source "ChessBase"]
[SourceDate "2019.09.30"]
[SourceVersion "1"]
[SourceVersionDate "2019.09.30"]
[SourceQuality "1"]
[WhiteTeam "Salihli Sardes"]
[BlackTeam "Kahramanmaras CC"]
[WhiteTeamCountry "TUR"]
[BlackTeamCountry "TUR"]

1. e4 c5 2. Nc3 a6 3. g3 b5 4. Bg2 Bb7 5. d3 e6 6. Nh3 d5 7. exd5 Ne7 8. Nf4 e5 9. Nh5 b4 10. Ne4 Nxd5 11. Qg4 g6 12. Nhf6+ Nxf6 13. Nxf6+ Qxf6 14. Bxb7 Ra7 15. Bg5 Qe6 16. Qxe6+ fxe6 17. Bg2 Be7 18. Be3 Kd7 19. a3 bxa3 20. Rxa3 Rc7 21. Ra4 Rhc8 22. b3 Nc6 23. Bxc6+ Rxc6 24. Ke2 Kd6 25. Rha1 Ra8 26. Kf3 Kd5 27. c4+ Kd6 28. Ke4 Bf8 29. Bd2 Bg7 30. Bc3 Bh8 31. b4 cxb4 32. Rxb4 Rc7 33. Rab1 Rca7 34. Rb8 Bf6 35. Rf8 Be7 36. Rf7 Kd7 37. Bb4 Ke8 38. Rxe7+ Rxe7 39. Bxe7 Kxe7 40. Kxe5 Rc8 41. Z0 Rc5+ 42. Kd4 Ra5 43. Rb7+ Kd6 44. Rxh7 Ra2 45. f4 a5 46. Ra7 a4 47. h4 Rg2 48. Rxa4 Rxg3 49. Ra6+ Kd7 50. Ra7+ Kd8 51. Rg7 Rg4 52. Ke5 Rxh4 53. Rxg6 Rh3 54. d4 Re3+ 55. Kd6 1-0

[Event "TUR-chT 1st League"]
[Site "Konya"]
[Date "2019.07.25"]
[Round "5.8"]
[White "Yerden, Huseyin Eren"]
[Black "Dogan, Mire Deniz"]
[Result "1-0"]
[WhiteElo "1992"]
[BlackElo "2025"]
[PlyCount "57"]
[EventDate "2019.07.22"]
[EventType "team-swiss"]
[EventRounds "9"]
[EventCountry "TUR"]
[SourceTitle "CBM 191 Extra"]
[Source "ChessBase"]
[SourceDate "2019.09.30"]
[SourceVersion "1"]
[SourceVersionDate "2019.09.30"]
[SourceQuality "1"]
[WhiteTeam "Kahramanmaras CC"]
[BlackTeam "Aydin Egitim Merkezi"]
[WhiteTeamCountry "TUR"]
[BlackTeamCountry "TUR"]

1. d4 d5 2. c4 e6 3. Nf3 Nf6 4. g3 dxc4 5. Bg2 Nc6 6. Qa4 Bd7 7. Qxc4 b5 8. Qc2 Nb4 9. Qd1 c5 10. a3 Nbd5 11. 0-0 Rc8 12. dxc5 Bxc5 13. b4 Bb6 14. Ne5 Rxc1 15. Qxc1 Bd4 16. Nc6 Bxf2+ 17. Rxf2 Qb6 18. Ne5 Qd4 19. Nxd7 Kxd7 20. Bxd5 Qxa1 21. Bc6+ Kc7 22. Kg2 Rg8 23. Qc5 Rd8 24. Nc3 a6 25. Bxb5+ Kb8 26. Qb6+ Kc8 27. Qc6+ Kb8 28. Bxa6 Rd7 29. Nb5 1-0

[Event "TUR-chT 1st League"]
[Site "Konya"]
[Date "2019.07.23"]
[Round "2.10"]
[White "Yeke, Serkan"]
[Black "Yerden, Huseyin Eren"]
[Result "1-0"]
[WhiteElo "2104"]
[BlackElo "1992"]
[PlyCount "75"]
[EventDate "2019.07.22"]
[EventType "team-swiss"]
[EventRounds "9"]
[EventCountry "TUR"]
[SourceTitle "CBM 191 Extra"]
[Source "ChessBase"]
[SourceDate "2019.09.30"]
[SourceVersion "1"]
[SourceVersionDate "2019.09.30"]
[SourceQuality "1"]
[WhiteTeam "Denizli Metin Surmeli"]
[BlackTeam "Kahramanmaras CC"]
[WhiteTeamCountry "TUR"]
[BlackTeamCountry "TUR"]

1. Nf3 Nf6 2. c4 b6 3. g3 c5 4. Bg2 Bb7 5. 0-0 g6 6. Nc3 Bg7 7. d4 cxd4 8. Qxd4 0-0 9. Qh4 Qc8 10. Be3 d6 11. h3 Nbd7 12. Rac1 Re8 13. Nd5 e6 14. Nxf6+ Nxf6 15. b4 e5 16. Rfd1 Qc7 17. g4 a5 18. c5 bxc5 19. bxc5 d5 20. g5 Nh5 21. c6 Bxc6 22. Rxd5 Qb7 23. Rdc5 Rac8 24. Qc4 Re6 25. Nd2 e4 26. Bxe4 Bb2 27. Rb1 Qb8 28. Bd4 Nf4 29. Rxb2 Nxh3+ 30. Kg2 Qf4 31. Bxc6 Qg4+ 32. Kh2 Nf4 33. Bf3 Qh3+ 34. Kg1 Rce8 35. e3 h5 36. Rcb5 h4 37. Qf1 Rxe3 38. Bxe3 1-0

[Event "Paracin Summer op-A 12th"]
[Site "Paracin"]
[Date "2019.07.09"]
[Round "5"]
[White "Yerden, Huseyin Eren"]
[Black "Saksham, Rautela"]
[Result "1/2-1/2"]
[WhiteElo "1992"]
[BlackElo "2232"]
[PlyCount "32"]
[EventDate "2019.07.05"]
[EventType "swiss"]
[EventRounds "9"]
[EventCountry "SRB"]
[SourceTitle "CBM 191 Extra"]
[Source "ChessBase"]
[SourceDate "2019.09.30"]
[SourceVersion "1"]
[SourceVersionDate "2019.09.30"]
[SourceQuality "1"]

1. d4 Nf6 2. c4 c5 3. d5 e6 4. Nc3 exd5 5. cxd5 d6 6. Nf3 g6 7. g3 Bg7 8. Bg2 0-0 9. 0-0 Re8 10. a4 a6 11. Bf4 Nh5 12. Bg5 Bf6 13. Bc1 Bg7 14. Bg5 Bf6 15. Bc1 Bg7 16. Bg5 Bf6 1/2-1/2

[Event "Paracin Summer op-A 12th"]
[Site "Paracin"]
[Date "2019.07.08"]
[Round "4"]
[White "Mihov, Filip"]
[Black "Yerden, Huseyin Eren"]
[Result "0-1"]
[WhiteElo "2188"]
[BlackElo "1992"]
[PlyCount "102"]
[EventDate "2019.07.05"]
[EventType "swiss"]
[EventRounds "9"]
[EventCountry "SRB"]
[SourceTitle "CBM 191 Extra"]
[Source "ChessBase"]
[SourceDate "2019.09.30"]
[SourceVersion "1"]
[SourceVersionDate "2019.09.30"]
[SourceQuality "1"]

1. d4 Nf6 2. c4 e6 3. Nc3 Bb4 4. e3 b6 5. Bd3 Bb7 6. Nge2 Bxg2 7. Rg1 Bf3 8. Rxg7 Nh5 9. Rg1 Qh4 10. Qc2 Nf6 11. Rg3 Bb7 12. h3 Bd6 13. Nb5 Bxg3 14. fxg3 Qxh3 15. Nxc7+ Kd8 16. Nxa8 Bxa8 17. b3 Qh1+ 18. Kd2 Qf3 19. Qd1 Nh5 20. Qg1 f5 21. Ba3 Kc7 22. Rf1 Qg4 23. Qf2 Rg8 24. d5 Na6 25. Nd4 Nxg3 26. Nb5+ Kd8 27. Rd1 Nc5 28. Bxc5 bxc5 29. dxe6 dxe6 30. Kc1 Ke7 31. e4 Qg5+ 32. Kb1 Nxe4 33. Qh2 Qg3 34. Qxh7+ Rg7 35. Qh8 Qg4 36. Bc2 Rg8 37. Qh7+ Qg7 38. Qh4+ Nf6 39. Qf4 Be4 40. Bd3 Qg3 41. Qf1 Qg2 42. Qe1 Rg3 43. Qa5 Rxd3 44. Rxd3 Bxd3+ 45. Ka1 Qb7 46. Nxa7 Nd7 47. Nb5 f4 48. Qc3 Qh1+ 49. Kb2 Qg2+ 50. Ka3 Bb1 51. Qb2 Qa8+ 0-1

[Event "Paracin Summer op-A 12th"]
[Site "Paracin"]
[Date "2019.07.06"]
[Round "2"]
[White "Holland, James P"]
[Black "Yerden, Huseyin Eren"]
[Result "1/2-1/2"]
[WhiteElo "2263"]
[BlackElo "1992"]
[PlyCount "71"]
[EventDate "2019.07.05"]
[EventType "swiss"]
[EventRounds "9"]
[EventCountry "SRB"]
[SourceTitle "EXT 2020"]
[Source "ChessBase"]
[SourceDate "2019.10.17"]
[SourceVersion "1"]
[SourceVersionDate "2019.10.17"]
[SourceQuality "1"]

1. Nf3 Nf6 2. b3 g6 3. Bb2 Bg7 4. c4 0-0 5. e3 c5 6. Be2 b6 7. 0-0 Bb7 8. d4 cxd4 9. Nxd4 d5 10. Nc3 dxc4 11. Bxc4 a6 12. a4 Nbd7 13. Rc1 Ne5 14. Be2 Qd6 15. Nf3 Qxd1 16. Rfxd1 Nxf3+ 17. Bxf3 Bxf3 18. gxf3 Rfd8 19. Ba3 e6 20. Be7 Rxd1+ 21. Rxd1 Rc8 22. Bxf6 Bxf6 23. Ne4 Be7 24. Rd7 Kf8 25. Rb7 Rc6 26. Nd2 Bd8 27. Nc4 Bc7 28. Ra7 a5 29. f4 Ke8 30. Kf1 Kd8 31. Ra8+ Kd7 32. Rh8 h5 33. Ke2 Rc5 34. Kd3 Rd5+ 35. Kc2 Rf5 36. h3 1/2-1/2

[Event "Belgrade Trophy 32nd"]
[Site "Belgrade"]
[Date "2018.11.29"]
[Round "6"]
[White "Yerden, Huseyin Eren"]
[Black "Skare, Goran"]
[Result "1/2-1/2"]
[WhiteElo "2052"]
[BlackElo "2244"]
[PlyCount "60"]
[EventDate "2018.11.24"]
[EventType "swiss"]
[EventRounds "9"]
[EventCountry "SRB"]
[SourceTitle "CBM 187 Extra"]
[Source "ChessBase"]
[SourceDate "2018.11.04"]
[SourceVersion "1"]
[SourceVersionDate "2018.11.04"]
[SourceQuality "1"]

1. d4 d5 2. Nf3 Nf6 3. c4 c6 4. g3 Bf5 5. Bg2 e6 6. 0-0 Be7 7. Nbd2 h6 8. b3 0-0 9. Bb2 a5 10. a3 Nbd7 11. h3 Bh7 12. Rc1 Ne4 13. Ne1 f5 14. Nd3 Nxd2 15. Qxd2 g5 16. Qe3 Rf6 17. f4 Rg6 18. Nc5 Nxc5 19. dxc5 gxf4 20. gxf4 Kf7 21. Kh1 Bf8 22. Rg1 Qh4 23. Kh2 dxc4 24. Rcd1 cxb3 25. Bc3 a4 26. Rd7+ Be7 27. Be1 Qf6 28. Bc3 Qh4 29. Be1 Qf6 30. Bc3 Qh4 1/2-1/2

[Event "Troya op 26th"]
[Site "Canakkale"]
[Date "2018.08.09"]
[Round "7"]
[White "Aliyev, Elnur Fakhraddin Og"]
[Black "Yerden, Huseyin Eren"]
[Result "1/2-1/2"]
[WhiteElo "2190"]
[BlackElo "2051"]
[PlyCount "143"]
[EventDate "2018.08.06"]
[EventType "swiss"]
[EventRounds "9"]
[EventCountry "TUR"]
[SourceTitle "CBM 185 Extra"]
[Source "ChessBase"]
[SourceDate "2018.07.29"]
[SourceVersion "1"]
[SourceVersionDate "2018.07.29"]
[SourceQuality "1"]

1. Nf3 Nf6 2. g3 d5 3. Bg2 g6 4. b3 Bg7 5. Bb2 c5 6. c4 d4 7. b4 Qb6 8. Qb3 Nc6 9. bxc5 Qxc5 10. 0-0 0-0 11. e3 dxe3 12. fxe3 Be6 13. Na3 Na5 14. Qb5 Qxb5 15. cxb5 Nc4 16. Nxc4 Bxc4 17. Rfc1 Bxb5 18. Nd4 Ba6 19. Rc7 e5 20. Nb3 e4 21. Nc5 Rad8 22. Nxa6 bxa6 23. Rxa7 Rxd2 24. Bc3 Rc2 25. Bd4 Rfc8 26. Rxa6 Ng4 27. Bxe4 Rd2 28. Re1 Nf2 29. Bg2 Bxd4 30. exd4 Rcc2 31. Bf1 Ng4 32. Ra8+ Kg7 33. Rae8 Rxa2 34. R1e2 h5 35. h3 Nf6 36. R8e3 Rxe2 37. Bxe2 Nd5 38. Re5 Nc3 39. Bc4 Ra4 40. Rc5 Ne4 41. Rc7 Nd6 42. Bb3 Rxd4 43. Rd7 Rb4 44. Rxd6 Rxb3 45. Kg2 Re3 46. h4 Re6 47. Rd5 Kf6 48. Ra5 Re5 49. Ra7 Ke6 50. Ra6+ Kf5 51. Ra7 f6 52. Ra6 Rc5 53. Ra3 g5 54. hxg5 fxg5 55. Ra2 Rd5 56. Rb2 Ke4 57. Re2+ Kd3 58. Ra2 g4 59. Ra3+ Ke4 60. Ra2 Ke3 61. Ra3+ Rd3 62. Ra5 Rd2+ 63. Kg1 Kf3 64. Ra3+ Ke4 65. Ra5 Rd5 66. Ra4+ Rd4 67. Ra5 Ke3 68. Rxh5 Kf3 69. Rf5+ Kxg3 70. Rf1 Rd2 71. Ra1 Rg2+ 72. Kh1 1/2-1/2

[Event "TUR-chT 1st League"]
[Site "Konya"]
[Date "2018.07.19"]
[Round "6.3"]
[White "Maden, Mirac Kerem"]
[Black "Yerden, Huseyin Eren"]
[Result "1/2-1/2"]
[WhiteElo "1958"]
[BlackElo "2022"]
[PlyCount "79"]
[EventDate "2018.07.16"]
[EventType "team-swiss"]
[EventRounds "9"]
[EventCountry "TUR"]
[SourceTitle "EXT 2019"]
[Source "ChessBase"]
[SourceDate "2018.10.10"]
[SourceVersion "1"]
[SourceVersionDate "2018.10.10"]
[SourceQuality "1"]
[WhiteTeam "Manisa Turkuaz"]
[BlackTeam "Kahramanmaras CC"]
[WhiteTeamCountry "TUR"]
[BlackTeamCountry "TUR"]

1. e4 c5 2. c3 d5 3. exd5 Qxd5 4. d4 Nf6 5. Nf3 Bg4 6. Be2 e6 7. h3 Bh5 8. 0-0 Nc6 9. Be3 cxd4 10. cxd4 Be7 11. Nc3 Qd6 12. Nb5 Qd8 13. Ne5 Bxe2 14. Qxe2 a6 15. Nxc6 bxc6 16. Nc3 0-0 17. Rac1 Nd5 18. Ne4 Qb6 19. Rc4 Rfb8 20. b3 a5 21. Rfc1 Rc8 22. Bd2 h6 23. Qf3 Ra6 24. Qg3 Qc7 25. Qg4 Kh8 26. Qh5 Kg8 27. Nc5 Bxc5 28. dxc5 f5 29. Re1 Qe7 30. Qg6 Re8 31. Bxh6 Qf7 32. Qg3 e5 33. Bd2 e4 34. Qd6 Re6 35. Qd8+ Re8 36. Qg5 a4 37. b4 Nf4 38. Rc2 Nd3 39. Rb1 Raa8 40. b5 1/2-1/2

[Event "TUR-chT 1st League"]
[Site "Konya"]
[Date "2018.07.16"]
[Round "1.10"]
[White "Yerden, Huseyin Eren"]
[Black "Gulsoy, Mustafa Alpago"]
[Result "0-1"]
[WhiteElo "2022"]
[BlackElo "1915"]
[PlyCount "80"]
[EventDate "2018.07.16"]
[EventType "team-swiss"]
[EventRounds "9"]
[EventCountry "TUR"]
[SourceTitle "EXT 2019"]
[Source "ChessBase"]
[SourceDate "2018.10.10"]
[SourceVersion "1"]
[SourceVersionDate "2018.10.10"]
[SourceQuality "1"]
[WhiteTeam "Kahramanmaras CC"]
[BlackTeam "Bulancak Ihsaniye Genclik"]
[WhiteTeamCountry "TUR"]
[BlackTeamCountry "TUR"]

1. d4 d5 2. Nf3 Nf6 3. c4 c6 4. g3 e6 5. Bg2 Bd6 6. 0-0 Nbd7 7. Nfd2 Rb8 8. e4 dxe4 9. Nc3 0-0 10. Ndxe4 Nxe4 11. Nxe4 Bc7 12. Qc2 h6 13. b4 f5 14. Nd2 e5 15. d5 cxd5 16. cxd5 Nb6 17. Rd1 Bd6 18. Qb3 Bd7 19. a4 Qe7 20. Ba3 Bxa4 21. Qa2 Bxd1 22. Rxd1 Kh8 23. Bb2 Bxb4 24. Qxa7 Bc5 25. Qa5 Nd7 26. Nb3 Bb6 27. d6 Qf7 28. Qb5 f4 29. g4 f3 30. Bf1 Qe6 31. h3 Rf4 32. Rd2 Rxg4+ 33. hxg4 Qxg4+ 34. Kh2 Qf4+ 35. Kg1 Qg3+ 36. Kh1 Bxf2 37. Rxf2 Qxf2 38. Bc1 Qh4+ 39. Kg1 Qg3+ 40. Kh1 f2 0-1

[Event "Paracin Summer op-A 11th"]
[Site "Paracin"]
[Date "2018.07.12"]
[Round "8"]
[White "Yerden, Huseyin Eren"]
[Black "Dezelin, Milan"]
[Result "1-0"]
[WhiteElo "2022"]
[BlackElo "2146"]
[PlyCount "71"]
[EventDate "2018.07.06"]
[EventType "swiss"]
[EventRounds "9"]
[EventCountry "SRB"]
[SourceTitle "EXT 2019"]
[Source "ChessBase"]
[SourceDate "2018.10.10"]
[SourceVersion "1"]
[SourceVersionDate "2018.10.10"]
[SourceQuality "1"]

1. d4 Nf6 2. c4 e6 3. g3 Bb4+ 4. Bd2 c5 5. Nf3 Qb6 6. a3 Bxd2+ 7. Qxd2 cxd4 8. Qxd4 Qxd4 9. Nxd4 Nc6 10. Nb5 Ke7 11. Nd2 a6 12. Nc3 d6 13. Bg2 Bd7 14. 0-0 Rac8 15. Rfd1 Rc7 16. Nde4 Ne8 17. c5 dxc5 18. Nxc5 Nd8 19. b4 Bc6 20. e4 f6 21. f4 Nd6 22. Re1 Nc4 23. Nd5+ Bxd5 24. exd5 e5 25. Rac1 b5 26. fxe5 fxe5 27. a4 Ra7 28. Bf1 Nd2 29. Rxe5+ Kd6 30. Rf5 Nxf1 31. Ne4+ Kd7 32. Rcxf1 Re8 33. Nc5+ Kd6 34. a5 g6 35. Rf6+ Kxd5 36. Rd1+ 1-0

[Event "Sarajevo Bosna op 48th"]
[Site "Sarajevo"]
[Date "2018.05.05"]
[Round "1"]
[White "Sadikhov, Ulvi Ramil Oglu"]
[Black "Yerden, Huseyin Eren"]
[Result "1/2-1/2"]
[WhiteElo "2473"]
[BlackElo "1975"]
[PlyCount "50"]
[EventDate "2018.05.05"]
[EventType "swiss"]
[EventRounds "9"]
[EventCountry "BIH"]
[SourceTitle "CBM 184 Extra"]
[Source "ChessBase"]
[SourceDate "2018.06.28"]
[SourceVersion "1"]
[SourceVersionDate "2018.06.28"]
[SourceQuality "1"]

1. e4 c5 2. Nf3 d6 3. Nc3 Nf6 4. e5 dxe5 5. Nxe5 a6 6. a4 e6 7. g3 Qc7 8. Nc4 Bd7 9. d3 Bc6 10. Bf4 Qd8 11. Rg1 Be7 12. a5 0-0 13. Qe2 Nbd7 14. Bh3 Nd5 15. Bd2 Nb4 16. 0-0-0 b5 17. axb6 Nxb6 18. Ne5 Bf6 19. Nxc6 Nxc6 20. Qe4 Nd4 21. g4 Nd5 22. g5 Be7 23. Nxd5 exd5 24. Qg4 Rb8 25. Rge1 Ne6 1/2-1/2

[Event "Mersin op 2nd"]
[Site "Mersin"]
[Date "2017.10.26"]
[Round "7"]
[White "Yerden, Huseyin Eren"]
[Black "Bukhteeva, Viktoria"]
[Result "0-1"]
[WhiteElo "1951"]
[BlackElo "2247"]
[PlyCount "68"]
[EventDate "2017.10.22"]
[EventType "swiss"]
[EventRounds "9"]
[EventCountry "TUR"]
[SourceTitle "CBM 181 Extra"]
[Source "ChessBase"]
[SourceDate "2017.12.12"]
[SourceVersion "1"]
[SourceVersionDate "2017.12.12"]
[SourceQuality "1"]

1. d4 Nf6 2. c4 e6 3. g3 d5 4. Nf3 dxc4 5. Bg2 b5 6. a4 c6 7. Nc3 Bb4 8. 0-0 Bxc3 9. bxc3 0-0 10. Bg5 Bb7 11. Ne5 Qc7 12. e4 Nbd7 13. f4 a6 14. Nxd7 Nxd7 15. e5 c5 16. d5 exd5 17. Be7 Rfe8 18. Bd6 Qc6 19. Qg4 Re6 20. axb5 axb5 21. Rxa8+ Bxa8 22. f5 Rxd6 23. exd6 Qxd6 24. f6 g6 25. Bh3 Bc6 26. Qh4 Qe5 27. Bxd7 Qe3+ 28. Rf2 Bxd7 29. Kf1 h5 30. Re2 Qf3+ 31. Rf2 Qh1+ 32. Ke2 Bg4+ 33. Kd2 Qd1+ 34. Ke3 Qe1+ 0-1

[Event "Cubuk op 3rd"]
[Site "Cubuk"]
[Date "2017.08.22"]
[Round "7"]
[White "Tasdogen, Dincer"]
[Black "Yerden, Huseyin Eren"]
[Result "1-0"]
[WhiteElo "2207"]
[BlackElo "1816"]
[PlyCount "43"]
[EventDate "2017.08.19"]
[EventType "swiss"]
[EventRounds "9"]
[EventCountry "TUR"]
[SourceTitle "CBM 180 Extra"]
[Source "ChessBase"]
[SourceDate "2017.10.06"]
[SourceVersion "1"]
[SourceVersionDate "2017.10.06"]
[SourceQuality "1"]

1. e4 c5 2. Ne2 d6 3. c4 e5 4. d3 Nc6 5. g3 h5 6. h3 Be6 7. Nbc3 Qd7 8. Bg2 0-0-0 9. a3 g6 10. b4 f5 11. exf5 gxf5 12. Qa4 Kb8 13. bxc5 dxc5 14. Rb1 Nge7 15. Bg5 Ka8 16. 0-0 f4 17. Bxe7 Bxe7 18. Rxb7 Kxb7 19. Rb1+ Kc7 20. Bxc6 Qxc6 21. Qxa7+ Kd6 22. Ne4+ 1-0